000 00295nam a22001337a 4500
008 170418b xxu||||| |||| 00| 0 eng d
020 _a2901555812415
041 _aeng
080 _a573
100 _a11
101 _aSHM
245 _aTHE MICROBIAL CHALLENGE
_cKRASNER, R.I
942 _2udc
_cBK
999 _c11020
_d11020